Intenciones del Apostolado de la Oración / [por] Remigio Vilariño
保存先:
| 第一著者: | |
|---|---|
| フォーマット: | 図書 |
| 主題: | |
| タグ: |
タグなし, このレコードへの初めてのタグを付けませんか!
|
MARC
| LEADER | 00000nam^a2200000^u^4500 | ||
|---|---|---|---|
| 001 | 000544130 | ||
| 005 | 20250521000000.0 | ||
| 008 | 060220s1000^^^^^^^^^^^^r^^^^^000^0^spa^d | ||
| 009 | 20260310131322.524 | ||
| 035 | |a FMI 000013211 | ||
| 037 | |a Acervo Xavier Clavigero | ||
| 096 | |a 5.1.1/15/B | ||
| 100 | |a Vilariño, Remigio |e (autor) | ||
| 245 | 1 | 0 | |a Intenciones del Apostolado de la Oración / [por] Remigio Vilariño |
| 264 | |a Bilbao : Mensajero, 1901-1904 | ||
| 300 | |a 4 v. | ||
| 336 | |a texto |b txt |2 rdacontenido | ||
| 337 | |a sin mediación |b n |2 rdamedio | ||
| 338 | |a volumen |b nc |2 rdasoporte | ||
| 597 | |a t. I. (1901).--t. II. (1902).--t. III. (1903).--t. IV (1904) | ||
| 649 | |a XX | ||
| 650 | |a SAGRADO CORAZON | ||
| 910 | |a Fondo Francisco Migoya Covarrubias S.J. | ||
| 920 | |a Impresos - Libros | ||
| 930 | |a Fondos Especiales | ||
| 905 | |a 134 | ||
| 901 | |a SBC13522 |b IT2 |c ESP |u 20250521 | ||
| 901 | |a SBC13523 |b IT2 |c ESP |u 20250521 | ||
| 901 | |a SBC13524 |b IT2 |c ESP |u 20250521 | ||
| 901 | |a SBC13525 |b IT2 |c ESP |u 20250521 | ||
| 902 | |a https://opac.biblio.iteso.mx/vufind/Record/000544130 | ||